000
00287nam a22001337a 4500
008
170504b xxu||||| |||| 00| 0 eng d
020
_a
9781588266279
041
_a
eng
080
_2
3RD
_a
34
100
_a
14
101
_a
shj
245
_a
INTERNATIONAL LAW
_c
KU, CH
942
_2
udc
_c
BK
999
_c
12642
_d
12642